Every NFL QB to beat Aaron Rodgers - Statistics

General Stats
  • This quiz has been taken 69 times
    41 since last reset
  • The average score is 75 of 100
Answer Stats
Hint Answer % Correct
2022/BUF/27-17 | 2024/BUF/23-20 | 2024/BUF/40-14 Josh Allen
100%
2014/DET/19-7 | 2015/DET/18-16 | 2018/DET/31-0 | +2 others Matthew Stafford
100%
2012/SEA/14-12 | 2014/SEA/36-16 | 2015/SEA/28-22 | +2 others Russell Wilson
100%
2024/SEA/26-21 Geno Smith
97%
2018/LAR/29-27 | 2022/DET/15-9 | 2022/DET/37-30 | 2023/DET/20-16 Jared Goff
97%
2025/GB/35-25 Jordan Love
97%
2022/NYG/27-22 Daniel Jones
94%
2024/NE/25-22 Drake Maye
94%
2025/CIN/33-31 Joe Flacco
94%
2016/WAS/42-24 | 2018/MIN/24-17 | 2020/MIN/28-22 | +2 others Kirk Cousins
94%
2024/ARI/31-6 Kyler Murray
94%
2024/MIN/23-17 | 2025/SEA/31-32 Sam Darnold
94%
2024/MIA/32-26 Tua Tagovailoa
94%
2022/NYJ/27-10 Zach Wilson
94%
2018/WAS/31-17 Alex Smith
91%
2012/SF/30-22 Alex Smith
91%
2024/DEN/10-9 Bo Nix
91%
2024/SF/32-19 Brock Purdy
91%
2012/NYG/37-20 | 2012/NYG/38-10 Eli Manning
91%
2015/DEN/29-10 Peyton Manning
91%
2019/LAC/26-11 | 2020/IND/34-31 Phillip Rivers
91%
2018/NE/31-17 | 2020/TB/38-10 | 2021/TB/31-26 Tom Brady
91%
2016/DAL/30-16 Dak Prescott
89%
2008/NO/51-29 | 2014/NO/44-23 Drew Brees
89%
2022/PHI/40-33 Jalen Hurts
89%
2019/SF/37-8 | 2020/SF/37-20 | 2022/SF/13-10 Jimmy Garoppolo
89%
2008/ATL/27-24 | 2010/ATL/20-17 | 2016/ATL/33-32 | +2 others Matt Ryan
89%
2024/IND/28-27 Anthony Richardson
86%
2019/PHI/34-27 Carson Wentz
86%
2015/CAR/37-29 | 2017/CAR/31-24 Cam Newton
83%
2022/TEN/27-17 Ryan Tannehill
80%
2008/DAL/27-16 Tony Romo
80%
2009/PIT/37-36 Ben Roethlisberger
74%
2009/MIN/30-23 | 2009/MIN/38-26 Brett Favre
71%
2009/CIN/31-24 | 2016/ARI/26-20 | 2016/ARI/38-8 Carson Palmer
71%
2010/CHI/20-17 | 2015/CHI/17-13 Jay Cutler
71%
2012/IND/30-27 | 2016/IND/31-26 Andrew Luck
69%
2013/CIN/34-30 Andy Dalton
69%
2021/NO/38-3 Jamies Winston
66%
2018/CHI/24-17 Mitchell Trubisky
63%
2013/SF/34-28 | 2013/SF/45-31 | 2014/SF/23-20 Colin Kaepernick
60%
2016/TEN/47-25 Marcus Mariota
60%
2008/HOU/24-21 Matt Schaub
57%
2010/ARI/51-45 Kurt Warner
46%
2016/MIN/20-13 Teddy Bridgewater
46%
2017/MIN/23-10 Case Keenum
40%
2018/ARI/20-17 Josh Rosen
37%
2022/WAS/23-21 Taylor Heinicke
37%
2016/MIN/17-14 Sam Bradford
34%
2010/WAS/16-13 Donovan McNabb
31%
2009/TB/38-28 Josh Freeman
29%
2012/MIN/37-34 Christian Ponder
26%
2008/CAR/35-31 Jake Delhomme
26%
2008/JAX/20-16 David Garrard
20%
2013/CHI/27-20 Josh McCown
20%
2008/CHI/20-17 | 2011/KC/19-14 | 2014/BUF/21-13 Kyle Orton
20%
2010/MIA/23-20 Chad Henne
17%
2008/TEN/19-16 Kerry Collins
14%
2008/TB/30-21 Brian Griese
11%
2010/DET/7-3 Drew Stanton
11%
2008/MIN/28-27 Gus Frerotte
9%
No matching quizzes found
Score Distribution
Percent of People with Each Score
Percentile by Number Answered
Your Score History
You have not taken this quiz since the last reset